000 00424nam a2200181Ia 4500
001 13702
005 20260306164820.0
008 260306t2011||||xx |||||||||||||| ||spa||
041 _aESP
082 _a005.133
_bHTML5 N549
100 _aNixon, Robin
_eAUT
245 0 _aHTML 5 para iOS y Android
260 _c2011
300 _a432 páginas :
_c22 cm.
650 _aGEN
654 _aCCC
942 _cLIB
_dJUS
_fJUS
_2ddc
_n
999 _c13702
_d13702